Biggest Cities in Uruguay on a Map - Statistics

General Stats
  • This quiz has been taken 136 times
  • The average score is 6 of 11
Answers on the Map
Answers color-coded by a green-red scale on the quiz's map according to % correct below.
 
Answer Stats
Population City % Correct
1,304,687 Montevideo
100%
104,011 Salto
70%
64,465 Rivera
55%
62,590 Maldonado
54%
40,657 Artigas
50%
76,412 Paysandú
50%
54,755 Tacuarembó
50%
95,176 Ciudad de la Costa
46%
51,830 Melo
45%
71,258 Las Piedras
39%
41,947 Mercedes
32%
No matching quizzes found
Score Distribution
Percent of People with Each Score
Percentile by Number Answered
Your Score History
You have not taken this quiz